ბათუმის შოთა რუსთაველის სახელმწიფო უნივერსიტეტის ბიბლიოთეკა

თხზულებათა კრებული ოთხ ტომად. ტომი მესამე (ბიბ.ჩანაწერი № 42349)

000 -LEADER
fixed length control field 00854nam a2200217Ia 4500
001 - CONTROL NUMBER
control field 9045
003 - CONTROL NUMBER IDENTIFIER
control field GE_BSU
008 - FIXED-LENGTH DATA ELEMENTS--GENERAL INFORMATION
fixed length control field 181216s||||||||xx |||||||||||||| ||und||
040 ## - CATALOGING SOURCE
Transcribing agency GE_BSU
080 ## - UNIVERSAL DECIMAL CLASSIFICATION NUMBER
Universal Decimal Classification number 821.353.1-32
100 ## - MAIN ENTRY--PERSONAL NAME
Personal name კლდიაშვილი,სერგო
245 ## - TITLE STATEMENT
Title თხზულებათა კრებული ოთხ ტომად. ტომი მესამე
245 ## - TITLE STATEMENT
Remainder of title ტომი მესამე:მოთხრობები;მოგონებები
245 ## - TITLE STATEMENT
Statement of responsibility, etc. რედ:ნ.კანდელაკი;მხატვ:გ.კალაძე
260 ## - PUBLICATION, DISTRIBUTION, ETC.
Place of publication, distribution, etc. თბილისი.
260 ## - PUBLICATION, DISTRIBUTION, ETC.
Name of publisher, distributor, etc. საბჭ.საქართველო
260 ## - PUBLICATION, DISTRIBUTION, ETC.
Date of publication, distribution, etc. 1975
300 ## - PHYSICAL DESCRIPTION
Extent 502გვ;ილ;22სმ.
653 ## - INDEX TERM--UNCONTROLLED
Uncontrolled term მოთხრობები;მოგონებები
942 ## - ADDED ENTRY ELEMENTS (KOHA)
Koha item type წიგნი
ეგზემპლარები
Withdrawn status Lost status Damaged status Not for loan Date acquired Barcode Date last seen Price effective from Koha item type Public note
        2018-12-17 31599 2018-12-17 2018-12-17 წიგნი  
        2018-12-17 31600 2018-12-17 2018-12-17 წიგნი  
        2018-12-17 22355 2018-12-17 2018-12-17 წიგნი აგრარული ტექ.ფაკ.
        2018-12-17 22356 2018-12-17 2018-12-17 წიგნი აგრარული ტექ.ფაკ.
        2018-12-17 22357 2018-12-17 2018-12-17 წიგნი აგრარული ტექ.ფაკ.